<?xml version="1.0" encoding="UTF-8"?>
<marc:record xmlns:marc="http://www.loc.gov/MARC21/slim">
   <marc:leader>00000nam a2200000 a 4500</marc:leader>
   <marc:datafield ind1="1" ind2=" " tag="100">
      <marc:subfield code="a">Osborne, Mary Pope</marc:subfield>
      <marc:subfield code="4">aut</marc:subfield>
      <marc:subfield code="e">Verfasser/-in</marc:subfield>
   </marc:datafield>
   <marc:datafield ind1="1" ind2=" " tag="100">
      <marc:subfield code="a">Knipping, Jutta</marc:subfield>
   </marc:datafield>
   <marc:datafield ind1="1" ind2=" " tag="100">
      <marc:subfield code="a">Rahn, Sabine</marc:subfield>
      <marc:subfield code="4">trl</marc:subfield>
      <marc:subfield code="e">Übersetzer/-in</marc:subfield>
   </marc:datafield>
   <marc:datafield ind1=" " ind2=" " tag="653">
      <marc:subfield code="a">Antolin</marc:subfield>
   </marc:datafield>
   <marc:datafield ind1="0" ind2="0" tag="245">
      <marc:subfield code="a">Reise zu den Pinguinen.: Bd. 37</marc:subfield>
   </marc:datafield>
   <marc:datafield ind1="0" ind2="0" tag="245">
      <marc:subfield code="c">Mary Pope Osborne ; aus dem Amerikanischen übersetzt von Sabine Rahn ; illustriert von Jutta Knipping</marc:subfield>
   </marc:datafield>
   <marc:datafield ind1=" " ind2="1" tag="264">
      <marc:subfield code="a">Bindlach</marc:subfield>
      <marc:subfield code="b">Loewe</marc:subfield>
      <marc:subfield code="c">2024</marc:subfield>
   </marc:datafield>
   <marc:datafield ind1="1" ind2=" " tag="490">
      <marc:subfield code="a">¬Das¬ magische Baumhaus junior</marc:subfield>
      <marc:subfield code="v">00037</marc:subfield>
   </marc:datafield>
   <marc:datafield ind1="1" ind2=" " tag="520">
      <marc:subfield code="a">Das letzte Geheimnis auf der Suche nach dem Glück wartet auf die Geschwister. (ab 8) (JE) Für das vierte und letzte Geheimnis zum Glücklichsein schickt das magische Baumhaus Phillip und Anne zu einer Mission ins ewige Eis. Die Kinder sollen zu einem brennenden Berg inmitten von Eis und Schnee, wo sich ihnen in der Tiefe ein versteckter Ort offenbaren wird, an dem sie schlussendlich den letzten Hinweis finden werden. Zu Beginn ihrer Reise retten sie ein kleines Pinguinküken vor dem Angriff eines Raubvogels, um dann auf eine Forscherstation zu stoßen, deren Forscher die beiden kurzerhand mit zu einem Vulkan nehmen. Als auch diese Mission beendet ist, kehren sie nach Camelot zurück, um dem traurigen Zauberer Merlin die vier Geheimnisse des Glücklichseins zu überreichen. Die Handlung ist nicht durchwegs logisch &#x96; die Motive scheinen ins Nichts zu verlaufen. Versöhnlich ist jedoch, dass sich der letzte Hinweis als Rätsel präsentiert und dann im großen Finale auflöst. Als Selbstlesebuch ab der 2. Klasse Volksschule empfohlen.</marc:subfield>
   </marc:datafield>
   <marc:datafield ind1=" " ind2=" " tag="020">
      <marc:subfield code="a">9783743216662</marc:subfield>
      <marc:subfield code="9">9783743216662</marc:subfield>
   </marc:datafield>
   <marc:datafield ind1=" " ind2=" " tag="020">
      <marc:subfield code="a">3743216663</marc:subfield>
      <marc:subfield code="9">3743216663</marc:subfield>
   </marc:datafield>
   <marc:datafield ind1=" " ind2=" " tag="300">
      <marc:subfield code="a">82 S. : Ill.</marc:subfield>
   </marc:datafield>
</marc:record>
